| Tag |
First Indicator |
Second Indicator |
Subfields |
| LEADER |
00000cam a2200000 a 4500 |
| 001 |
in00000017403 |
| 005 |
20151007053541.0 |
| 008 |
850103c19861985mauab b 00000 eng |
| 010 |
|
|
|a 84675437
|
| 020 |
|
|
|a 0867202599 (soft)
|
| 034 |
1 |
|
|a a
|b 2000000
|d W0860000
|e W0750000
|f 50080000
|g S0150000
|
| 035 |
|
|
|a (OCoLC)11623205
|
| 035 |
|
|
|9 AAB2037AM
|
| 040 |
|
|
|a DLC
|c DLC
|d m/c
|d TXA
|d UtOrBLW
|
| 043 |
|
|
|a p------
|a s-pe---
|
| 049 |
|
|
|a TXAC
|c 1 [A11072033], 2 [A12999539]
|
| 050 |
0 |
0 |
|a G1742.C6 C9
|b P4 1986
|
| 082 |
0 |
|
|a 912/.155141/0985
|2 19
|
| 099 |
|
|
|a G
|a 1742
|a C6
|a C9
|a P4
|a 1986
|
| 245 |
0 |
0 |
|a Peru-Chile trench off Peru /
|c edited by Donald M. Hussong [and others].
|
| 255 |
|
|
|a Scale ca. 1:2,000,000
|c (W 86⁰--75⁰/S 8⁰--S 15⁰).
|
| 264 |
|
1 |
|a Woods Hole, MA :
|b Marine Science International,
|c [1986]
|
| 264 |
|
4 |
|c ©1985
|
| 300 |
|
|
|a 1 atlas (24 unnumbered leaves) :
|b illustrations (some color), color maps ;
|c 56 x 90 cm.
|
| 336 |
|
|
|a text
|b txt
|2 rdacontent
|
| 337 |
|
|
|a unmediated
|b n
|2 rdamedia
|
| 338 |
|
|
|a volume
|b nc
|2 rdacarrier
|
| 490 |
1 |
|
|a Regional atlas series / Ocean Margin Drilling Program ;
|v atlas 9
|
| 500 |
|
|
|a At head of title: Ocean Margin Drilling Program.
|
| 500 |
|
|
|a Errata slip inserted.
|
| 504 |
|
|
|a Includes bibliographies.
|
| 650 |
|
0 |
|a Geophysics
|z Peru
|z Pacific Coast
|x Maps.
|
| 650 |
|
0 |
|a Geology
|z Peru
|z Pacific Coast
|x Maps.
|
| 650 |
|
0 |
|a Geomorphology
|z Pacific Coast
|x Maps.
|
| 650 |
|
0 |
|a Oceanography
|z Peru
|z Pacific Coast
|x Charts, diagrams, etc.
|
| 650 |
|
0 |
|a Oceanography
|z Pacific Ocean
|x Charts, diagrams, etc.
|
| 651 |
|
0 |
|a Pacific Coast (Peru)
|x Maps.
|
| 700 |
1 |
|
|a Hussong, Donald M.
|
| 710 |
2 |
|
|a Ocean Margin Drilling Program.
|
| 710 |
2 |
|
|a Marine Science International.
|
| 740 |
0 |
|
|a Peru-Chile trench.
|
| 830 |
|
0 |
|a Regional atlas series ;
|v atlas 9.
|
| 999 |
|
|
|a MARS
|
| 999 |
f |
f |
|s 93217257-0930-3c57-8280-eed4388967d5
|i 7080bc6e-83f0-38f3-bbed-232db6d76fc1
|t 0
|
| 952 |
f |
f |
|p noncirc
|a Texas A&M University
|b Galveston Campus
|c Jack K. Williams Library
|d Galveston Oversize
|t 0
|e G1742.C6C9 P4 1986
|h Library of Congress classification
|i unmediated -- volume
|m 33620000224853
|
| 952 |
f |
f |
|p noncirc
|a Texas A&M University
|b College Station
|c Sterling C. Evans Library
|d Evans: Maps (2nd floor)
|t 0
|e G1742.C6C9 P4 1986
|f Oversize
|h Library of Congress classification
|i unmediated -- volume
|m A14812999539
|
| 952 |
f |
f |
|p noncirc
|a Texas A&M University
|b College Station
|c Sterling C. Evans Library
|d Evans: Maps (2nd floor)
|t 0
|e G1742.C6C9 P4 1986
|f Oversize
|h Library of Congress classification
|i unmediated -- volume
|m A14811072033
|
| 998 |
f |
f |
|a G1742.C6C9 P4 1986
|t 0
|l Galveston Oversize
|
| 998 |
f |
f |
|a G1742.C6C9 P4 1986
|t 0
|l Evans: Maps (2nd floor)
|
| 998 |
f |
f |
|a G1742.C6C9 P4 1986
|t 0
|l Evans: Maps (2nd floor)
|